Zelda and Ivy : (Record no. 2710)

MARC details
000 -LEADER
fixed length control field 00886cam a2200277 a 4500
005 - DATE AND TIME OF LATEST TRANSACTION
control field 20241119094205.0
020 ## - INTERNATIONAL STANDARD BOOK NUMBER
International Standard Book Number 0763626899 (alk. paper)
040 ## - CATALOGING SOURCE
Original cataloging agency DLC
Transcribing agency DLC
Modifying agency DLC
Language of cataloging eng
050 00 - LIBRARY OF CONGRESS CALL NUMBER
Classification number PZ7.K975
Item number Zen 2006
082 00 - DEWEY DECIMAL CLASSIFICATION NUMBER
Classification number 813.6
Edition number 22
100 1# - MAIN ENTRY--PERSONAL NAME
Personal name Kvasnosky, Laura McGee
245 10 - TITLE STATEMENT
Title Zelda and Ivy :
Remainder of title the runaways /
Statement of responsibility, etc. Laura McGee Kvasnosky
250 ## - EDITION STATEMENT
Edition statement First paperback edition 2007
260 ## - PUBLICATION, DISTRIBUTION, ETC.
Place of publication, distribution, etc. Cambridge :
Name of publisher, distributor, etc. Candlewick Press,
Date of publication, distribution, etc. 2006
300 ## - PHYSICAL DESCRIPTION
Extent 42 pages ;
Dimensions 24 cm
490 ## - SERIES STATEMENT
Series statement Zelda and Ivy ;
Volume/sequential designation Book 4
505 ## - FORMATTED CONTENTS NOTE
Formatted contents note K
520 ## - SUMMARY, ETC.
Summary, etc. In three short stories, two fox sisters run away from home, bury a time capsule, and take advantage of some creative juice.
521 ## - TARGET AUDIENCE NOTE
Target audience note 540
Source Lexile
521 ## - TARGET AUDIENCE NOTE
Target audience note K
Source Raz-Plus
650 #1 - SUBJECT ADDED ENTRY--TOPICAL TERM
Topical term or geographic name entry element Foxes
Form subdivision Fiction.
650 #1 - SUBJECT ADDED ENTRY--TOPICAL TERM
Topical term or geographic name entry element Sisters
Form subdivision Fiction.
906 ## - LOCAL DATA ELEMENT F, LDF (RLIN)
a 7
b cbc
c orignew
d 1
e ocip
f 20
g y-gencatlg
942 ## - ADDED ENTRY ELEMENTS (KOHA)
Source of classification or shelving scheme Dewey Decimal Classification
Koha item type Books
Suppress in OPAC No
999 ## -
-- 2710
-- 2710
Holdings
Withdrawn status Lost status Source of classification or shelving scheme Damaged status Not for loan Collection Home library Current library Shelving location Date acquired Total Checkouts Full call number Barcode Date last seen Price effective from Koha item type Copy number
    Dewey Decimal Classification     Juvenile Fiction Footprints International School Library Network Toul Kork Campus Footprints International School Library Network Toul Kork Campus   01/10/2024   KVA 813.6 PZ7.K975 FIS02850 01/10/2024 01/10/2024 Books  
    Dewey Decimal Classification     Juvenile Fiction Footprints International School Library Network Toul Kork Campus Footprints International School Library Network Toul Kork Campus TK Primary Library Room(4th Floor), Bookcase 3&4, Shelves 17-32, Yellow Books 11/19/2024   KVA 813.6 PZ7.K975 FISTK01309 11/19/2024 11/19/2024 Books 2